00285nam a2200097Ia 45000010005000000080041000050820023000461000011000692450083000802600024001632416241024s9999 xx 000 0 und d aRD/370.97293/ID19p aIDEICE 0aPerspectiva Institucional. Programa de Evolución e Investigación Educativa bSanto Domingoc2010